James Monroe (Record no. 3492)

MARC details
000 -LEADER
fixed length control field 00883nam a22002537a 4500
005 - DATE AND TIME OF LATEST TRANSACTION
control field 20240313100633.0
020 ## - INTERNATIONAL STANDARD BOOK NUMBER
International Standard Book Number 9780516274799
040 ## - CATALOGING SOURCE
Original cataloging agency DLC
Language of cataloging eng
Description conventions dcrmg
Transcribing agency DLC
050 00 - LIBRARY OF CONGRESS CALL NUMBER
Classification number E372.V46
082 ## - DEWEY DECIMAL CLASSIFICATION NUMBER
Classification number 973.5
100 ## - MAIN ENTRY--PERSONAL NAME
Personal name Venezia, Mike
245 00 - TITLE STATEMENT
Title James Monroe
Statement of responsibility, etc. Written and illustrated by Mike Venezia
260 ## - PUBLICATION, DISTRIBUTION, ETC.
Date of publication, distribution, etc. New York :
Place of publication, distribution, etc. Scholastic,
Name of publisher, distributor, etc. 2004
300 ## - PHYSICAL DESCRIPTION
Extent 31 pages :
Other physical details color illustrations ; maps ;
Dimensions 25 cm .
490 ## - SERIES STATEMENT
Series statement Getting to Know the US Presidents
505 ## - FORMATTED CONTENTS NOTE
Formatted contents note Z <br/>
520 ## - SUMMARY, ETC.
Summary, etc. An introduction to the life of James Monroe, an influential patriot during the American Revolution who became the nation's fifth president and was subsequently reelected.
521 ## - TARGET AUDIENCE NOTE
Target audience note 970 <br/>
Source Lexile <br/>
521 ## - TARGET AUDIENCE NOTE
Target audience note Z <br/>
Source Raz-Plus <br/>
650 ## - SUBJECT ADDED ENTRY--TOPICAL TERM
Topical term or geographic name entry element James Monroe
Form subdivision Non-Fiction
906 ## - LOCAL DATA ELEMENT F, LDF (RLIN)
a 0
b ibc
c orignew
d u
e ncip
f 20
g y-printpho
942 ## - ADDED ENTRY ELEMENTS (KOHA)
Source of classification or shelving scheme Dewey Decimal Classification
Koha item type Books
Suppress in OPAC No
999 ## -
-- 3492
-- 3492
Holdings
Withdrawn status Lost status Source of classification or shelving scheme Damaged status Not for loan Collection Home library Current library Shelving location Date acquired Total Checkouts Full call number Barcode Date last seen Price effective from Koha item type
    Dewey Decimal Classification     Non-Fiction Footprints International School Library Network Toul Kork Campus Footprints International School Library Network Toul Kork Campus TTP Secondary Non-Fiction Bookshelves 03/13/2024   VEN 973.5 E372.V46 FIS04717 03/13/2024 03/13/2024 Books